Cartas / (Record no. 89710)

MARC details
000 -LEADER
campo de control de longitud fija 00689nam a2200193 i 4500
001 - NÚMERO DE CONTROL
campo de control 89710
003 - IDENTIFICADOR DE NÚMERO DE CONTROL
campo de control ES-MaACL
005 - FECHA Y HORA DE LA ÚLTIMA TRANSACCIÓN
campo de control 20230906180242.0
007 - CAMPO FIJO DE DESCRIPCIÓN FÍSICA--INFORMACIÓN GENERAL
campo de control de longitud fija t|
008 - DATOS DE LONGITUD FIJA--INFORMACIÓN GENERAL
campo de control de longitud fija 050112s1945 ag ||||1| spa d
100 1# - ENTRADA PRINCIPAL--NOMBRE DE PERSONA
Nombre de persona Lawrence, D.H. (
Fechas asociadas al nombre 1885-1930)
9 (RLIN) 70743
245 10 - MENCIÓN DEL TÍTULO
Título Cartas /
Mención de responsabilidad, etc. David Herbert Lawrence ; con una introducción de Aldous Huxley ; [traducción del inglés, Narciso Pousa].
260 ## - PUBLICACIÓN, DISTRIBUCIÓN, ETC.
Lugar de publicación, distribución, etc. Buenos Aires :
Nombre del editor, distribuidor, etc. Imán,
Fecha de publicación, distribución, etc. 1945 (
Fabricante Universo)
300 ## - DESCRIPCIÓN FÍSICA
Extensión 2 v., 13 lám. ;
Dimensiones 18 cm.
700 1# - ENTRADA AGREGADA--NOMBRE PERSONAL
Nombre de persona Huxley, Aldous,
Fechas asociadas al nombre 1894-1963
9 (RLIN) 64858
700 1# - ENTRADA AGREGADA--NOMBRE PERSONAL
Nombre de persona Pousa, Narciso.
9 (RLIN) 93471
852 ## - LOCALIZACIÓN
Ubicación ES-MaACL
Número de control de estantería C-27735-36
Sublocalización o colección R.57001
Nota libre .- Donat. José Antonio Llardent
Holdings
Estatus retirado Estado de pérdida Estado de daño No para préstamo Biblioteca de origen Biblioteca actual Ubicación en estantería Fecha de adquisición Fuente de adquisición Total de préstamos Signatura topográfica completa Código de barras Visto por última vez Precio de reemplazo Tipo de ítem Koha
        Biblioteca del Ateneo de Madrid Biblioteca del Ateneo de Madrid Depósito 2 17/01/2008     C-27735-36 1093691 23/02/2023 23/02/2023 Libro impreso